000 01429cam a2200241 4500
001 ABS66314
008 030204n2003 000 0 eng u
035 _a(Sirsi) u121225
100 _aKnowles, R.
245 _aCourts' review of completion
260 _c2003
490 _aCivil Engineering Surveyor
_vDecember/January 2003, 24(1)
520 _aReviews the concept of practical completion, for which there is a clause in most standard forms of construction contract, in the light of "Skanska Corporation Regions Ltd v Anglo-Amsterdam Corporation" TCC (see a121203 for full report) where JCT WCD 1981 was employed. In this case the parties disputed the date by which the contractor had achieved practical completion. It was decided on appeal in TCC in favour of Skanska, practical completion being 'deemed' to have taken place at the earlier date. The judgment centred on the interpretation of cl17. Suggests that JCT should amend cl17 following this decision and examines the ICE Conditions of Contract 7th Edition cl48(3) to see how it could be affected.
590 _aABS
650 _aSKANSKA CONSTRUCTION (REGIONS) LTD V ANGLO-AMSTERDAM CORPORATION LTD
650 _aJCT WCD 1981 CL17
650 _aPRACTICAL COMPLETION
650 _aPARTIAL POSSESSION
650 _aOVERRUN
650 _aICE CONDITIONS OF CONTRACT 7TH EDITION CL48(3)
690 _aBUILT ENVIRONMENT-BUILDING CONTRACT FORMS
942 _n0
999 _c72042
_d72042